Score 0/100 Timer 11:00
2 Plays Today
Hint Answer % Correct
a_ _ep_anceacceptance
93.1%
_ffec_ionaffection
87.3%
co_fo_tcomfort
84.2%
l_v_love
79.3%
ha_mo_yharmony
79.1%
aff_ _ma_ionaffirmation
78.7%
ca_ecare
78.5%
f_ee_omfreedom
78.3%
ho_orhonor
77.8%
hu_ani_yhumanity
77.6%
em_a_hyempathy
77.5%
b_ess_ _gblessing
77.4%
hea_theart
77.4%
cou_ _esycourtesy
77.3%
d_v_t_ondevotion
77.3%
g_ _d_essgoodness
77.2%
goo_ _illgoodwill
77.2%
lo_al_yloyalty
77%
pe_cepeace
76.9%
fo_dn_ssfondness
76.9%
h_p_hope
76.8%
ami_yamity
76.6%
m_ _cymercy
76.2%
su_ _ortsupport
76.2%
ad_ir_t_onadmiration
76%
fr_ _n_shi_friendship
75.9%
pa_ie_cepatience
75.8%
_ _ne_ositygenerosity
75.5%
g_at_tu_egratitude
75.5%
c_iva_rychivalry
75.1%
cha_i_ycharity
74.8%
t_a_kfuln_ssthankfulness
74.7%
gen_le_essgentleness
74.6%
m_ndf_ln_ssmindfulness
74.6%
Hint Answer % Correct
s_mp_ _hysympathy
74.3%
re_og_it_onrecognition
74.2%
p_ay_rprayer
74%
be_evo_e_cebenevolence
73.9%
c_mmen_atio_commendation
73.5%
tru_ttrust
73.3%
wo_thi_essworthiness
73.2%
g_ac_grace
73.2%
t_nde_ne_ _tenderness
72.9%
a_tr_ismaltruism
72.7%
_ _o_her_oodbrotherhood
72.5%
_ _lfless_essselflessness
72.3%
fai_ _faith
72%
wel_o_ewelcome
71.6%
_ _timismoptimism
71.6%
ni_enessniceness
71.6%
rea_ _uran_ereassurance
71.6%
f_ie_d_in_ssfriendliness
71.4%
tran_ _ilitytranquility
71.3%
c_m_li_entcompliment
71%
_ind_es_kindness
70.8%
p_ila_th_opyphilanthropy
70.6%
wa_m_hwarmth
70.5%
t_ib_tetribute
70.4%
th_ _gh_ _ _lnessthoughtfulness
70.4%
e_ _ou_a_ementencouragement
70.2%
_ _d_rs_an_ingunderstanding
70.2%
a_ _rov_ _approval
70%
h_ _pi_a_ityhospitality
69.9%
_ _cencydecency
69.6%
co_g_nia_itycongeniality
69.5%
uns_ _fis_n_ssunselfishness
69.5%
be_e_ict_ _nbenediction
69.4%
acc_ai_acclaim
68.8%
Hint Answer % Correct
a_ _ista_ceassistance
68.6%
co_pa_ _ioncompassion
68.3%
ac_n_ _led_m_ntacknowledgment
68%
b_lie_belief
67.9%
a_ _rec_ _ti_nappreciation
67.1%
pl_ _sa_t_esspleasantness
66.9%
c_ee_ _ul_esscheerfulness
66.2%
th_n_ _g_ _ingthanksgiving
66.2%
hel_f_lne_ _helpfulness
65.9%
endo_ _em_ntendorsement
64%
h_mag_homage
63.7%
l_kin_liking
62.8%
ca_ara_eriecamaraderie
61.9%
to_er_nc_tolerance
61.4%
ins_i_ationinspiration
61.1%
c_nce_nconcern
60.9%
reg_ _dregard
60.4%
un_ _yunity
60.1%
con_ide_a_ionconsideration
60%
c_emenc_clemency
59.6%
re_pe_trespect
58.8%
a_iabi_ityamiability
58.8%
es_ee_esteem
57.9%
lar_esselargesse
55.1%
f_rb_ _ran_eforbearance
53.2%
p_ai_epraise
52.6%
app_ _ba_ionapprobation
51.8%
for_i_ene_sforgiveness
50.3%
b_nef_c_nc_beneficence
48.2%
s_ee_nesssweetness
43.5%
ma_na_imit_magnanimity
40.4%
te_ti_on_altestimonial
36.8%

You're not logged in!

Compare scores with friends on all Sporcle quizzes.
OR
Log In

Sporcle TV

Today on Sporcle TV


Watch our educational content, quiz creation guides, and fun videos on Sporcle TV.

Show Comments

Extras

Top Quizzes Today


Score Distribution

Paid Content

Your Account Isn't Verified!

In order to create a playlist on Sporcle, you need to verify the email address you used during registration. Go to your Sporcle Settings to finish the process.

Report this User

Report this user for behavior that violates our Community Guidelines.

Details: